000 00991nam a2200217Ia 4500
008 0000001996 mX a 0000000000spa00
090 _aPPY00 F71f1
100 1 _aFracchia, Luis
_d1959
245 1 0 _aFracchia
_b: naturaleza contenida = contines natura
_c/ fotografías Jorge Vértiz, Rogelio Cuéllar
300 _a20 p.
_c/ 30 cm.
500 _aExposición realizada en la Galería Oscar Román, ciudad de México, en noviembrediciembre de 1996 \ Con el patronazgo del maestro venezolano Jesús Rafael Soto (q.e.p.d.) \ Registro auspiciado por el IDCT. Bogotá
501 _aTodos los cuerpos en el cuerpo / Fernando Solana Olivares
600 0 0 _a FRACCHIA, LUIS, 1959/
_xTRABAJOS PICTORICOS
650 1 4 _a PINTURA PARAGUAYA
650 1 4 _aARTISTAS PLASTICOS PARAGUAYOS
650 1 4 _xCATALOGOS
650 1 4 _aCUERPO HUMANO EN LA PINTURA
650 1 4 _xEXPOSICIONES
700 1 _aVértiz, Jorge \ Cuéllar, Rogelio
999 _c3645
_d3645
260 _aMéxico : Galería Oscar Roman
_c1996